000 00373nam a2200145Ia 4500
005 20251222153537.0
008 251222s9999||||xx |||||||||||||| ||spa||
020 _a9789871486106
082 _a382.17/R88
100 _aRozenberg, Arnoldo
245 0 _aComprendiendo la Balanza de Pagos:
250 _a1ra. ed.
264 _bCengage Learing Editores, S.A.
942 _cLIB
999 _c30331
_d30331